1, 2, 3, or 4? - Statistics

General Stats
  • This quiz has been taken 69,898 times
    50,080 since last reset
  • The average score is 10 of 15
Answer Stats
Question Answer % Correct
How many countries begin with Z? 2
90%
How many countries have a land border with the United States? 2
88%
How many months have 30 days? 4
86%
How many goals does a player need to score to have a "hat trick"? 3
82%
Which number has more than two factors? 4
82%
How many Horsemen of the Apocalypse are there? 4
74%
How many capitals does South Africa have? 3
73%
What is the atomic number of Lithium? 3
68%
How many beats are in a measure in common time? 4
66%
According to "Three Dog Night", what is the loneliest number? 1
61%
How many leaders has North Korea had? 3
60%
Which number does not have any homophones? 3
58%
Which number appears in the title of a Charles Dickens novel? 2
50%
Which number is considered unlucky in China? 4
45%
Which Crusade was most successful in accomplishing its stated goals? 1
27%
No matching quizzes found
Score Distribution
Percent of People with Each Score
Percentile by Number Answered
Your Score History
You have not taken this quiz since the last reset